000 00354nam a2200145Ia 4500
008 150201s2012 xx 000 0 und d
082 _a615.321
_bH12A
100 _aAGRAWAL, S.S.
245 _aHERBAL DRUG TECHNOLOGY
250 _a2ND
260 _bUNIVERSITY PRESS
_aHYD, INDIA
_c2012
300 _a1-816
650 _aPHARMACOLOGY
942 _2ddc
_cBK
_01
999 _c1649
_d1649